banner koha

Biometria ultra-sonografica bidimensional em tempo real do globo ocular de caes (Registro n. 164883)

MARC details
000 -LÍDER
campo de controle de tamanho fixo 00910nas a2200325 4500
001 - NÚMERO DE CONTROLE
campo de controle BR0003484
003 - IDENTIFICADOR DO NÚMERO DE CONTROLE
campo de controle BR-BrBNA
005 - DATA E HORÁRIO DA ÚLTIMA TRANSAÇÃO
campo de controle 20231205101940.0
007 - CAMPO FIXO DE DESCRIÇÃO FÍSICA--INFORMAÇÃO GERAL
campo de controle de tamanho fixo ta
008 - CAMPO DE DADOS FIXOS--INFORMAÇÃO GERAL
campo de controle de tamanho fixo 230509b bl.|||p| |||| 00| 00por d
040 ## - FONTE DA CATALOGAÇÃO
Instituição da catalogação original BR-BrBNA
Idioma da catalogação por
Instituição que transcreveu o registro Biblioteca Nacional de Agricultura
041 ## - CÓDIGO DE IDIOMA
Código do idioma do texto/trilha sonora ou título diferente (Pt)
072 ## - CÓDIGO DE CATEGORIA DE ASSUNTO
Código de Categoria de Assunto L70
100 1# - ENTRADA PRINCIPAL--NOME PESSOAL
Nome pessoal Goncalves, G.F.
100 1# - ENTRADA PRINCIPAL--NOME PESSOAL
Nome pessoal Pippi, N.L.
100 1# - ENTRADA PRINCIPAL--NOME PESSOAL
Nome pessoal Raiser, A.G.
100 1# - ENTRADA PRINCIPAL--NOME PESSOAL
Nome pessoal Mazzanti, A.
100 1# - ENTRADA PRINCIPAL--NOME PESSOAL
Nome pessoal Oliveira, S.T. de
100 1# - ENTRADA PRINCIPAL--NOME PESSOAL
Nome pessoal Neves, J.P.
100 1# - ENTRADA PRINCIPAL--NOME PESSOAL
Nome pessoal Leotte, A. de M.
100 1# - ENTRADA PRINCIPAL--NOME PESSOAL
Nome pessoal Hintz, C.W.
245 1# - TÍTULO
Título Biometria ultra-sonografica bidimensional em tempo real do globo ocular de caes
650 ## - ASSUNTO--TERMO TÓPICO
Cabeçalho tópico ou nome geográfico Cao
650 ## - ASSUNTO--TERMO TÓPICO
Cabeçalho tópico ou nome geográfico Biometria
650 ## - ASSUNTO--TERMO TÓPICO
Cabeçalho tópico ou nome geográfico Ultra-Som
650 ## - ASSUNTO--TERMO TÓPICO
Cabeçalho tópico ou nome geográfico Olho
773 0# - ENTRADA ANALÍTICA
Título Ciencia Rural (Brazil)
ISSN - International Standard Serial Number ISSN 0103-8478
Partes relacionadas (May-Jun 2000), v. 30(3) p. 417-420
Número de controle do registro BR0003484
909 ## -
-- 202311
-- Lúcia
-- 55
-- Lúcia Elande
942 ## - ELEMENTOS DE ENTRADA ADICIONADOS (KOHA)
Fonte da classificação ou esquema de arquivamento na estante Classificação AGRIS
Ocultar no OPAC Não
Tipo de material Koha Analítica
Exemplares
Situação do descarte Fonte da classificação ou esquema de arquivamento na estante Situação física Não pode ser emprestado Biblioteca de origem Biblioteca atual Localização na estante Enumeração do periódico / cronologia Total de empréstimos Data de último acesso Número do exemplar Tipo de material Koha Fonte de aquisição
  Classificação AGRIS   Consulta local Biblioteca Nacional de Agricultura - Binagri Biblioteca Nacional de Agricultura - Binagri   (May-Jun 2000), v. 30(3) p. 417-420   29/11/2023 01 Periódicos Portaria Interministerial nº 164/94

BINAGRI

Telefone: (61)3218-2567/2388/3357/2097 - binagri@agro.gov.br

Ministério da Agricultura e Pecuária , Esplanada dos Ministérios, Bloco D, Anexo B, Brasília/DF, CEP: 70.043-900